000
00297nam a22001337a 4500
008
170215b xxu||||| |||| 00| 0 eng d
020
_a
9780062701497
041
_a
eng
080
_a
61
100
_a
4
101
_a
SHM
245
_a
JOHNS HOPKIS FAMILY HEALTH BOOK
_c
HOPKINS, J
942
_2
udc
_c
BK
999
_c
5500
_d
5500